|
|
|
|
| LEADER |
00664nam a2200193 a 4500 |
| 001 |
000701086 |
| 003 |
CZ BrMZK |
| 005 |
20080228073321.0 |
| 007 |
ta |
| 008 |
031218s1928 fr e 000 0 fre d |
| 040 |
|
|
|a BOA001
|b cze
|
| 100 |
1 |
|
|a Martineau, René,
|d 1866-1948
|7 mzk2002109969
|4 aut
|
| 245 |
1 |
3 |
|a La peau retournée /
|c René Martineau
|
| 260 |
|
|
|a Paris :
|b <<Le >>Divan,
|c 1928
|
| 300 |
|
|
|a 139 s. ;
|c 20 cm
|
| 610 |
2 |
7 |
|a Moravská zemská knihovna (Brno, Česko).
|b Florianova knihovna
|7 mzk2006318440
|2 czenas
|
| 910 |
|
|
|a BOA001
|b FLO-1126.833
|
| 990 |
|
|
|a BK
|
| 996 |
6 |
|
|b 2610206405
|c FLO-1126.833
|l MZK
|r Sklad / do 24 hodin
|n 0
|p kup
|w 000701086
|u 000010
|a 1
|e BOA001
|j MZK50
|s P
|